Craig's restorative dental materials / (رقم التسجيلة. 79590)

تفاصيل مارك
000 -الفاتح
حقل البيانات ثابتة الطول 01319cam a2200349 i 4500
001 - رقم الضبط
رقم الضبط 20104995
003 - محدد رقم الضبط
رقم الضبط MU
005 - وقت وتاريخ اخر تعامل مع التسجيلة
رقم الضبط 20211229044744.0
008 - عناصر البيانات ثابتة الطول - معلومات عامة
حقل البيانات ثابتة الطول 171027s2019 moua b 001 0 eng
020 ## - الرقم الدولى المعيارى للكتب
الرقم الدولى المعيارى للكتاب 9780323478212
Qualifying information (pbk. ;
-- alk. paper)
035 ## - رقم ضبط النظام
رقم ضبط النظام (DNLM)101715639
040 ## - مصدر الفهرسة
وكالة الفهرسة الأصلية DNLM/DLC
لغة الفهرسة eng
وكالة النسخ DLC
قواعد الوصف rda
وكالة التعديل DLC
050 00 - رقم طلب مكتبة الكونجرس
رقم التصنيف RK652.5
رقم المادة .P47 2019
060 00 - رقم الطلب بالمكتبة الطبية الوطنية
رقم التصنيف WU 190
082 00 - رقم تصنيف ديوى العشرى
رقم التصنيف 617.695
رقم المادة SRR
رقم الطبعة 23
245 10 - بيان العنوان
العنوان Craig's restorative dental materials /
بيان المسئوليه,etc edited by Ronald Sakaguchi, DDS, Jack Ferracane, John Powers.
250 ## - بيان الطبعة
بيان الطبعة Fourteenth edition.
264 #1 - النشر, التوزيع, ETC. (IMPRINT)
مكان الناشر او الموزع RDA St. Louis, Missouri :
اسم الناشر او الموزع RDA Elsevier,
تاريخ النشر أو التوزيع [2019]
300 ## - الوصف المادى
التعداد xii, 340 pages :
تفاصيل ماديه اخرى للوعاء illustrations (some color) ;
أبعاد الوعاء 26 cm
500 ## - تبصرة عامة
تبصرة عامة Earliest editions bear the title: Restorative dental materials.
504 ## - تبصرة ببليوجرافية
تبصرة ببليوجرافية,الخ Includes bibliographical references and index.
650 #0 - المدخل الاضافى بالموضوع-مصطلح موضوعى
مصطلح موضوعي أو اسم جغرافي كعنصر مدخل Dental materials.
650 12 - المدخل الاضافى بالموضوع-مصطلح موضوعى
مصطلح موضوعي أو اسم جغرافي كعنصر مدخل Dental Materials
650 22 - المدخل الاضافى بالموضوع-مصطلح موضوعى
مصطلح موضوعي أو اسم جغرافي كعنصر مدخل Dental Atraumatic Restorative Treatment
700 1# - المدخل الاضافى - اسم شخصى
الإسم الشخصى Sakaguchi, Ronald L.,
الدور editor.
700 1# - المدخل الاضافى - اسم شخصى
الإسم الشخصى Ferracane, Jack L.,
الدور editor.
700 1# - المدخل الاضافى - اسم شخصى
الإسم الشخصى Powers, John M.,
التواريخ المصاحبة للاسم 1946-
الدور editor.
952 ## - LOCATION AND ITEM INFORMATION (KOHA)
نوع المادة فى نظام كوها كتاب
952 ## - LOCATION AND ITEM INFORMATION (KOHA)
نوع المادة فى نظام كوها كتاب
952 ## - LOCATION AND ITEM INFORMATION (KOHA)
نوع المادة فى نظام كوها كتاب
952 ## - LOCATION AND ITEM INFORMATION (KOHA)
نوع المادة فى نظام كوها كتاب
952 ## - LOCATION AND ITEM INFORMATION (KOHA)
نوع المادة فى نظام كوها كتاب
952 ## - LOCATION AND ITEM INFORMATION (KOHA)
نوع المادة فى نظام كوها كتاب
952 ## - LOCATION AND ITEM INFORMATION (KOHA)
نوع المادة فى نظام كوها كتاب
952 ## - LOCATION AND ITEM INFORMATION (KOHA)
نوع المادة فى نظام كوها كتاب
130 0# - المدخل الرئيسى - عنوان موحد
عنوان موحد Restorative dental materials.
9 (RLIN) 88994
942 ## -
-- ddc
-- BOOK
906 ## - عنصر بيانات محلى F, LDF (RLIN)
a 7
b cbc
c orignew
d 1
e ecip
f 20
g y-gencatlg
المقتنيات
حالة الفقد نموذج السعر الفعال حالة تلف ليس للاعارة تاريخ الاكتساب رقم الطلب تاريخ الاكتساب الموقع الحالي الباركود الفرع الرئيسي Date last seen مصدر التصنيف او خطة الترفيف Total Checkouts
  2021-12-29     2021-12-29 617.695 SRR 2021-12-29 AMF 00168367 مكتبة كلية العلوم الطبية التطبيقية بالمجمعة - طالبات (AMF) 2021-12-29 Dewey Decimal Classification  
  2022-02-13     2022-02-13 617.695 SRR 2022-02-13 AMF 00168555 مكتبة كلية العلوم الطبية التطبيقية بالمجمعة - طالبات (AMF) 2022-02-13 Dewey Decimal Classification  
  2021-12-29     2021-12-29 617.695 SRR 2021-12-29 CL 00168364 المكتبة المركزية بالمجمعة (CL) 2021-12-29 Dewey Decimal Classification  
  2021-12-29     2021-12-29 617.695 SRR 2021-12-29 CL 00168365 المكتبة المركزية بالمجمعة (CL) 2021-12-29 Dewey Decimal Classification  
  2021-12-29     2021-12-29 617.695 SRR 2021-12-29 CL 00168366 المكتبة المركزية بالمجمعة (CL) 2021-12-29 Dewey Decimal Classification  
  2022-02-13     2022-02-13 617.695 SRR 2022-02-13 SZM 00168556 مكتبة مجمع الكليات بالزلفى - طلاب (SZM) 2022-02-13 Dewey Decimal Classification  
  2022-02-13     2022-02-13 617.695 SRR 2022-02-13 SZM 00168557 مكتبة مجمع الكليات بالزلفى - طلاب (SZM) 2022-02-13 Dewey Decimal Classification  
  2022-02-13     2022-02-13 617.695 SRR 2022-02-13 SZM 00168558 مكتبة مجمع الكليات بالزلفى - طلاب (SZM) 2022-02-13 Dewey Decimal Classification